Nitrogen fixation in crop production / (Record no. 27271)

000 -LEADER
fixed length control field 01369cam a22003377a 4500
001 - CONTROL NUMBER
control field 16608810
005 - DATE AND TIME OF LATEST TRANSACTION
control field 20170208090356.0
008 - FIXED-LENGTH DATA ELEMENTS--GENERAL INFORMATION
fixed length control field 110112s2009 wiua b 001 0 eng d
010 ## - LIBRARY OF CONGRESS CONTROL NUMBER
LC control number 2009907452
020 ## - INTERNATIONAL STANDARD BOOK NUMBER
International Standard Book Number 9780891181705
035 ## - SYSTEM CONTROL NUMBER
System control number (OCoLC)ocn430842880
040 ## - CATALOGING SOURCE
Original cataloging agency BTCTA
Transcribing agency BTCTA
Modifying agency GZM
-- SDB
-- NDD
-- YDXCP
-- UIU
-- AGL
-- DLC
042 ## - AUTHENTICATION CODE
Authentication code lccopycat
050 00 - LIBRARY OF CONGRESS CALL NUMBER
Classification number S592.6 .N5
Item number N573 2009
070 0# - NATIONAL AGRICULTURAL LIBRARY CALL NUMBER
Classification number S592.6
Item number .N5E44 2009
245 00 - TITLE STATEMENT
Title Nitrogen fixation in crop production /
Statement of responsibility, etc. David W. Emerich and Hari B. Krishnan, [editors].
260 ## - PUBLICATION, DISTRIBUTION, ETC. (IMPRINT)
Place of publication, distribution, etc. Madison, WI :
Name of publisher, distributor, etc. American Society of Agronomy :
-- Crop Science Society of America :
-- Soil Science Society of America,
Date of publication, distribution, etc. c2009.
300 ## - PHYSICAL DESCRIPTION
Extent [xvii], 421 p. :
Other physical details ill. ;
Dimensions 24 cm.
490 0# - SERIES STATEMENT
Series statement Agronomy monograph ;
Volume/sequential designation no. 52
504 ## - BIBLIOGRAPHY, ETC. NOTE
Bibliography, etc Includes bibliographical references and index.
650 #0 - SUBJECT ADDED ENTRY--TOPICAL TERM
Topical term or geographic name as entry element Crops and nitrogen.
650 #0 - SUBJECT ADDED ENTRY--TOPICAL TERM
Topical term or geographic name as entry element Nitrogen
General subdivision Fixation.
700 1# - ADDED ENTRY--PERSONAL NAME
Personal name Emerich, David W.
Fuller form of name (David William)
700 1# - ADDED ENTRY--PERSONAL NAME
Personal name Krishnan, Hari
Fuller form of name (Hari B.)
710 2# - ADDED ENTRY--CORPORATE NAME
Corporate name or jurisdiction name as entry element American Society of Agronomy.
710 2# - ADDED ENTRY--CORPORATE NAME
Corporate name or jurisdiction name as entry element Crop Science Society of America.
710 2# - ADDED ENTRY--CORPORATE NAME
Corporate name or jurisdiction name as entry element Soil Science Society of America.
942 ## - ADDED ENTRY ELEMENTS (KOHA)
Source of classification or shelving scheme
Koha item type Hard Covered Materials
Classification part S592.6 .N5E44 2009
Holdings
Withdrawn status Lost status Source of classification or shelving scheme Damaged status Not for loan Home library Current library Shelving location Date acquired Source of acquisition Total Checkouts Full call number Barcode Date last seen Price effective from Koha item type
          MACHAKOS UNIVERSITY LIBRARY MACHAKOS UNIVERSITY LIBRARY Technical section 08/02/2017 Donation(BFA)   S592.6 .N5E44 2009 34964 31/07/2018 08/02/2017 Hard Covered Materials
          MACHAKOS UNIVERSITY LIBRARY MACHAKOS UNIVERSITY LIBRARY Technical section 08/02/2017 Donation(BFA)   S592.6 .N5E44 2009 35160 19/07/2018 08/02/2017 Hard Covered Materials
© Machakos University Library, Along The Highway, Machakos Wote Rd, Machakos, Kenya P.O. Box 136 - 90100 Machakos - Kenya

Tel: ( +254 ) 723 805829 OR Fax : 044-20353 OR Email: library@mksu.ac.ke